Double M Vocabulary Words - Statistics

General Stats
  • This quiz has been taken 30,629 times
    24,934 since last reset
  • The average score is 14 of 22
Answer Stats
Definition Word % Correct
Extinct, hairy elephant Mammoth
95%
Embalmed corpse of ancient Egypt Mummy
95%
Person who migrated to a new country Immigrant
91%
Incapable of dying Immortal
91%
To travel between home and work Commute
87%
Third Greek letter Gamma
84%
Mediterranean dip made with chick peas Hummus
82%
Breast cancer detection test Mammogram
79%
Lowered the lights Dimmed
75%
To call forth a demon Summon
74%
Mountain peak Summit
73%
Like hands that are cold and damp Clammy
65%
NH3 Ammonia
56%
Rodent that is incorrectly thought to commit mass suicide Lemming
56%
Stutter Stammer
55%
Wine steward Sommelier
45%
Elite special operations soldier Commando
39%
To pry open with a crowbar Jimmy
39%
Graduation ceremony Commencement
38%
To seize civilian property for military use Commandeer
33%
Unofficial sports match Scrimmage
29%
British naval rank above captain, but below admiral Commodore
28%
No matching quizzes found
Score Distribution
Percent of People with Each Score
Percentile by Number Answered
Your Score History
You have not taken this quiz since the last reset